| 000 | 00533cam a22002174a 4500 | ||
|---|---|---|---|
| 005 | 20250605164333.0 | ||
| 008 | 250528s ||||||||||||||||||||||||d | ||
| 035 | _a23298 | ||
| 020 | _a72323159 | ||
| 040 |
_aGR-AtMCL _bgre _dGR-AtMCL _eAACR2 |
||
| 245 | 1 | _aOperations management for competitive advantage | |
| 250 | _a9th | ||
| 260 |
_bMcgraw Hill, _c2001 |
||
| 300 | _a763 | ||
| 700 | 1 |
_aAquilano Nicholas J. _93557 |
|
| 700 | 1 |
_aChase _98878 |
|
| 700 | 1 |
_aJacobs _98879 |
|
| 942 | _cBK | ||
| 999 |
_c8325 _d8325 |
||